[Event "Belt and Road Hunan op-B"]
[Site "Changsha"]
[Date "2019.08.02"]
[Round "9"]
[White "Chen, Fan"]
[Black "Yuan, Qingyu"]
[Result "1/2-1/2"]
[WhiteElo "2378"]
[BlackElo "2359"]
[PlyCount "116"]
[EventDate "2019.07.29"]
[EventType "swiss"]
[EventRounds "9"]
[EventCountry "CHN"]
[SourceTitle "EXT 2020"]
[Source "ChessBase"]
[SourceDate "2019.10.17"]
[SourceVersion "1"]
[SourceVersionDate "2019.10.17"]
[SourceQuality "1"]

1. b3 e5 2. Bb2 Nc6 3. e3 Nf6 4. c4 g6 5. Nf3 d6 6. d4 Bg7 7. dxe5 Ng4 8. Nc3 Ngxe5 9. Nxe5 Nxe5 10. Be2 0-0 11. 0-0 a6 12. Qd2 Bd7 13. Rfd1 Bc6 14. Nd5 f5 15. b4 Kh8 16. a4 a5 17. bxa5 Nd7 18. Nb4 Nc5 19. a6 Nxa6 20. Nxa6 Rxa6 21. c5 Ra8 22. Bxg7+ Kxg7 23. Qd4+ Qf6 24. cxd6 Qxd4 25. Rxd4 cxd6 26. a5 d5 27. Rb4 Ra7 28. Rb6 Rfa8 29. a6 Be8 30. h3 bxa6 31. Raxa6 Rxa6 32. Bxa6 Rd8 33. Rb4 Ra8 34. Rb7+ Bf7 35. Be2 Kf6 36. g4 fxg4 37. hxg4 h6 38. f4 Ra2 39. Bf3 Rd2 40. g5+ hxg5 41. fxg5+ Kg7 42. Kf1 Kf8 43. Ke1 Rh2 44. Rb5 Ke7 45. Rb7+ Ke8 46. Rb4 Ke7 47. Kf1 Be6 48. Rf4 Rc2 49. Rf6 Bf7 50. Rf4 Be6 51. Bg2 Rd2 52. Rd4 Rc2 53. Bf3 Rh2 54. Rf4 Rd2 55. Be2 Bf5 56. Rd4 Rxd4 57. exd4 Ke6 58. Kf2 Be4 1/2-1/2

[Event "Belt and Road Hunan op-B"]
[Site "Changsha"]
[Date "2019.08.01"]
[Round "6"]
[White "Chen, Fan"]
[Black "Ma, Ling"]
[Result "1-0"]
[WhiteElo "2378"]
[BlackElo "2231"]
[PlyCount "101"]
[EventDate "2019.07.29"]
[EventType "swiss"]
[EventRounds "9"]
[EventCountry "CHN"]
[SourceTitle "EXT 2020"]
[Source "ChessBase"]
[SourceDate "2019.10.17"]
[SourceVersion "1"]
[SourceVersionDate "2019.10.17"]
[SourceQuality "1"]

1. e4 e5 2. Nf3 Nf6 3. Nxe5 d6 4. Nf3 Nxe4 5. d4 d5 6. Bd3 Bf5 7. 0-0 Be7 8. c4 dxc4 9. Bxc4 0-0 10. Nc3 Nc6 11. a3 Qd7 12. Re1 Nxc3 13. bxc3 Rad8 14. Bb5 Bf6 15. Qa4 Qd5 16. Bf4 Be4 17. Re3 Qf5 18. Bxc7 Bc2 19. Qc4 Rc8 20. Bd6 Rfd8 21. Qe2 h6 22. Bg3 Ne7 23. Rc1 Bb3 24. Nd2 Be6 25. Bd3 Qa5 26. Rxe6 fxe6 27. Qxe6+ Kh8 28. Qe4 g6 29. Nc4 Qd5 30. Qxd5 Rxd5 31. Nd6 Rc6 32. Nf7+ Kg7 33. Ne5 Rc8 34. Rc2 Nf5 35. f4 Ra5 36. Rb2 b6 37. Rb3 Be7 38. Be1 Rxa3 39. Rxa3 Bxa3 40. Nxg6 Kxg6 41. g4 Kf6 42. Bxf5 Re8 43. Kf1 Bc1 44. Bg3 a5 45. d5 a4 46. d6 Kf7 47. d7 Rd8 48. Bh4 a3 49. Bxd8 a2 50. Bh4 a1Q 51. d8Q 1-0

[Event "Belt and Road Hunan op-B"]
[Site "Changsha"]
[Date "2019.08.01"]
[Round "7"]
[White "Chen, Fan"]
[Black "Xiao, Yiyi"]
[Result "1/2-1/2"]
[WhiteElo "2378"]
[BlackElo "2317"]
[PlyCount "60"]
[EventDate "2019.07.29"]
[EventType "swiss"]
[EventRounds "9"]
[EventCountry "CHN"]
[SourceTitle "EXT 2020"]
[Source "ChessBase"]
[SourceDate "2019.10.17"]
[SourceVersion "1"]
[SourceVersionDate "2019.10.17"]
[SourceQuality "1"]

1. e4 e5 2. Nf3 Nc6 3. Bb5 Nf6 4. 0-0 Nxe4 5. d4 Nd6 6. Bxc6 dxc6 7. dxe5 Nf5 8. Qxd8+ Kxd8 9. h3 h5 10. Nc3 Be7 11. Bf4 Be6 12. Rad1+ Ke8 13. Ng5 Rh6 14. Rfe1 Rd8 15. Rxd8+ Bxd8 16. Rd1 Rg6 17. Nxe6 Rxe6 18. Ne4 b6 19. g3 Be7 20. f3 f6 21. exf6 gxf6 22. Bxc7 Ne3 23. Rc1 Nd5 24. Bb8 f5 25. c4 fxe4 26. cxd5 cxd5 27. fxe4 Rxe4 28. Kf1 Rb4 29. Be5 Kf7 30. Bc3 Re4 1/2-1/2

[Event "Belt and Road Hunan op-B"]
[Site "Changsha"]
[Date "2019.07.30"]
[Round "2"]
[White "Cai, Chaoruo"]
[Black "Chen, Fan"]
[Result "1-0"]
[WhiteElo "2222"]
[BlackElo "2378"]
[PlyCount "67"]
[EventDate "2019.07.29"]
[EventType "swiss"]
[EventRounds "9"]
[EventCountry "CHN"]
[SourceTitle "EXT 2020"]
[Source "ChessBase"]
[SourceDate "2019.10.17"]
[SourceVersion "1"]
[SourceVersionDate "2019.10.17"]
[SourceQuality "1"]

1. d4 e6 2. Bf4 b6 3. e3 Bb7 4. Nf3 d6 5. Nbd2 g6 6. a4 Nc6 7. Be2 Bg7 8. 0-0 Nge7 9. Nc4 a6 10. c3 h6 11. e4 g5 12. Bg3 Ng6 13. d5 exd5 14. Qxd5 0-0 15. Qd3 Re8 16. Ne3 Nb8 17. Nd2 Nd7 18. Qc2 Nf6 19. Bd3 h5 20. h3 g4 21. hxg4 Nxg4 22. Nxg4 hxg4 23. f4 gxf3 24. Rxf3 Qg5 25. Bc4 Re7 26. Raf1 Rf8 27. Qd3 Bc8 28. Qd5 Qxd5 29. exd5 Bg4 30. R3f2 Bh6 31. Re1 Bd7 32. Nf3 Bxa4 33. Bh4 Nxh4 34. Nxh4 1-0

[Event "Tianjin Binhai Cup 1st"]
[Site "Tianjin"]
[Date "2019.01.01"]
[Round "8"]
[White "Yan, Tianqi"]
[Black "Chen, Fan"]
[Result "0-1"]
[WhiteElo "2098"]
[BlackElo "2370"]
[PlyCount "172"]
[EventDate "2018.12.25"]
[EventType "swiss"]
[EventRounds "9"]
[EventCountry "CHN"]
[SourceTitle "CBM 188 Extra"]
[Source "ChessBase"]
[SourceDate "2019.02.26"]
[SourceVersion "1"]
[SourceVersionDate "2019.02.26"]
[SourceQuality "1"]

1. e4 c5 2. Nf3 d6 3. d4 cxd4 4. Nxd4 Nf6 5. Nc3 a6 6. Be2 e5 7. Nb3 Be7 8. 0-0 0-0 9. Kh1 b6 10. Be3 Bb7 11. f3 Qc7 12. Qe1 b5 13. a3 Nbd7 14. Qf2 Bc6 15. Rfd1 Rfb8 16. Bf1 a5 17. Nc1 Nc5 18. Nd3 Na4 19. Nxa4 bxa4 20. c4 Bd7 21. Nc1 Be6 22. Na2 Qb7 23. Nc3 Qxb2 24. Nxa4 Qxf2 25. Bxf2 Nd7 26. Rab1 Rxb1 27. Rxb1 Rc8 28. Rb7 Bg5 29. Nb6 Nxb6 30. Bxb6 Bc1 31. a4 Bd2 32. Ra7 h5 33. Bxa5 Be3 34. Rb7 Ra8 35. Rb5 Bd7 36. Rb3 Bc5 37. Bd2 Rxa4 38. Be3 Ra1 39. Bxc5 dxc5 40. Kg1 Be6 41. Rc3 Ra2 42. h4 Kf8 43. Rc1 Ke7 44. Rc3 Kd6 45. Rc1 Kc6 46. Rc3 Rb2 47. Ra3 Rc2 48. Ra4 Rd2 49. Kh2 Rd4 50. Kg3 g6 51. Be2 Kd6 52. Bf1 Ke7 53. Be2 Kf6 54. Kf2 Ke7 55. Ke3 Kd6 56. g3 Kc6 57. Ra6+ Kb7 58. Ra5 Kb6 59. Ra4 f5 60. Ra8 fxe4 61. fxe4 Bxc4 62. Bxc4 Rxc4 63. Re8 Rc3+ 64. Kf2 c4 65. Rxe5 Rd3 66. Rg5 c3 67. Ke2 c2 68. Rxg6+ Kb5 69. Kxd3 c1Q 70. Rg5+ Kc6 71. Kd4 Kd6 72. Rg6+ Ke7 73. Rg5 Qd2+ 74. Kc4 Ke6 75. e5 Qe3 76. Kb5 Kd5 77. e6+ Kxe6 78. Kc4 Qd2 79. Rg6+ Ke5 80. Rg5+ Ke4 81. Kc5 Qd7 82. Kb6 Qc8 83. Kb5 Qc7 84. Kb4 Kd4 85. Ka3 Kc3 86. Ka4 Qb6 0-1

[Event "Tianjin Binhai Cup 1st"]
[Site "Tianjin"]
[Date "2018.12.31"]
[Round "7"]
[White "Chen, Fan"]
[Black "Sethuraman, SP."]
[Result "0-1"]
[WhiteElo "2370"]
[BlackElo "2664"]
[PlyCount "82"]
[EventDate "2018.12.25"]
[EventType "swiss"]
[EventRounds "9"]
[EventCountry "CHN"]
[SourceTitle "CBM 188 Extra"]
[Source "ChessBase"]
[SourceDate "2019.02.26"]
[SourceVersion "1"]
[SourceVersionDate "2019.02.26"]
[SourceQuality "1"]

1. e4 g6 2. d4 Bg7 3. Nf3 d6 4. Bc4 Nf6 5. Qe2 0-0 6. 0-0 Bg4 7. h3 Bxf3 8. Qxf3 Nc6 9. c3 e5 10. Rd1 Nd7 11. Be3 Kh8 12. Na3 f5 13. exf5 gxf5 14. dxe5 f4 15. Qe4 Bxe5 16. Bd4 Qg5 17. Qf3 Qg7 18. Nc2 Ne7 19. Bf1 c6 20. Ne1 Ng6 21. Qe4 Nf6 22. Qd3 c5 23. Nf3 Rae8 24. Re1 Nd7 25. Bxe5 Ndxe5 26. Nxe5 Nxe5 27. Qd5 Rf6 28. Re4 Rg8 29. Rxe5 dxe5 30. Qxe5 b6 31. Rd1 Rf7 32. Qe4 Qf6 33. Qf3 Rd8 34. Re1 Rff8 35. Qb7 f3 36. g3 Rd2 37. Re4 Qf7 38. Re7 Qg6 39. Re3 Qf5 40. g4 Qf6 41. Re7 Qh4 0-1

[Event "Tianjin Binhai Cup 1st"]
[Site "Tianjin"]
[Date "2018.12.30"]
[Round "6"]
[White "Chen, Fan"]
[Black "Peng, Hongchi"]
[Result "1/2-1/2"]
[WhiteElo "2370"]
[BlackElo "2273"]
[PlyCount "71"]
[EventDate "2018.12.25"]
[EventType "swiss"]
[EventRounds "9"]
[EventCountry "CHN"]
[SourceTitle "CBM 188 Extra"]
[Source "ChessBase"]
[SourceDate "2019.02.26"]
[SourceVersion "1"]
[SourceVersionDate "2019.02.26"]
[SourceQuality "1"]

1. e4 c5 2. Nf3 e6 3. Nc3 Nc6 4. Bb5 d6 5. 0-0 Bd7 6. d4 cxd4 7. Nxd4 Nf6 8. Kh1 Be7 9. f4 0-0 10. Nf3 Qc7 11. Qe2 a6 12. Bd3 Nb4 13. a3 Nxd3 14. cxd3 b5 15. Bd2 a5 16. Nd1 Qb7 17. Qe1 Qb6 18. Ne3 Rfc8 19. Bc3 Nh5 20. f5 Bf6 21. fxe6 fxe6 22. e5 dxe5 23. Nxe5 Be8 24. N3g4 Be7 25. Qe4 Qc7 26. Rae1 b4 27. axb4 axb4 28. Bxb4 Ra4 29. Bxe7 Qxe7 30. Nc4 Bg6 31. Qe5 Bxd3 32. b3 Bxf1 33. Rxf1 Rf8 34. Rg1 Rf5 35. Qb8+ Rf8 36. Qe5 1/2-1/2

[Event "Tianjin Binhai Cup 1st"]
[Site "Tianjin"]
[Date "2018.12.26"]
[Round "2"]
[White "Chen, Fan"]
[Black "Batchuluun, Tsegmed"]
[Result "0-1"]
[WhiteElo "2370"]
[BlackElo "2567"]
[PlyCount "104"]
[EventDate "2018.12.25"]
[EventType "swiss"]
[EventRounds "9"]
[EventCountry "CHN"]
[SourceTitle "CBM 188 Extra"]
[Source "ChessBase"]
[SourceDate "2019.02.26"]
[SourceVersion "1"]
[SourceVersionDate "2019.02.26"]
[SourceQuality "1"]

1. e4 e5 2. Nf3 Nc6 3. Bb5 Nf6 4. 0-0 Nxe4 5. d4 Nd6 6. Bxc6 dxc6 7. dxe5 Nf5 8. Qxd8+ Kxd8 9. Nc3 Be7 10. Bf4 Nh4 11. Rad1+ Ke8 12. Nxh4 Bxh4 13. Rd2 Bf5 14. e6 Bxe6 15. Bxc7 Bd8 16. Be5 f6 17. Bg3 Kf7 18. Ne4 Be7 19. Nd6+ Bxd6 20. Rxd6 Rhd8 21. f3 Rxd6 22. Bxd6 Rd8 23. Bf4 a5 24. b3 a4 25. Kf2 g5 26. Be3 Ra8 27. Rc1 axb3 28. axb3 Ra2 29. Ke1 h5 30. Bd2 h4 31. Ke2 Bf5 32. Kd1 g4 33. fxg4 Bxg4+ 34. Ke1 Bf5 35. Kd1 Kg6 36. Bf4 Be4 37. g3 h3 38. Kd2 Kf5 39. Kc3 Kg4 40. b4 Ra3+ 41. Kd4 f5 42. Rf1 Bxc2 43. Bc7 Rd3+ 44. Kc4 Rd2 45. Rf4+ Kg5 46. Rh4 Rxh2 47. Bf4+ Kg6 48. g4 Rf2 49. gxf5+ Bxf5 50. Kc5 Rxf4 51. Rxf4 Kg5 52. Rf2 Be4 0-1

[Event "CHN-chB"]
[Site "Jiangmen"]
[Date "2018.07.23"]
[Round "11"]
[White "Chen, Qi B"]
[Black "Chen, Fan"]
[Result "1/2-1/2"]
[WhiteElo "2412"]
[BlackElo "2367"]
[PlyCount "144"]
[EventDate "2018.07.18"]
[EventType "swiss"]
[EventRounds "11"]
[EventCountry "CHN"]
[SourceTitle "CBM 185 Extra"]
[Source "ChessBase"]
[SourceDate "2018.07.29"]
[SourceVersion "1"]
[SourceVersionDate "2018.07.29"]
[SourceQuality "1"]

1. e4 c5 2. Nf3 d6 3. d4 cxd4 4. Nxd4 Nf6 5. Nc3 a6 6. h3 e5 7. Nde2 h5 8. Nd5 Nxd5 9. Qxd5 Qc7 10. Nc3 Be6 11. Qd1 Nd7 12. Be2 g6 13. a4 Be7 14. a5 Rc8 15. 0-0 Qd8 16. Nd5 Bxd5 17. Qxd5 Qc7 18. c3 Nf6 19. Qd3 Qc6 20. Bf3 Nd7 21. Be3 Nc5 22. Qb1 Ne6 23. Bd1 0-0 24. Ba4 Qc4 25. b3 Qc7 26. Bb6 Qb8 27. Bd7 Rxc3 28. Qb2 Nd4 29. Rac1 Rxb3 30. Qa2 Rxb6 31. axb6 d5 32. Kh1 dxe4 33. Qd5 Bd6 34. Rc4 Ba3 35. Rc7 Qd8 36. Qxb7 Qh4 37. Qxa6 Bd6 38. Rc8 Rxc8 39. Qxc8+ Kg7 40. b7 e3 41. fxe3 Ne2 42. b8Q Ng3+ 43. Kg1 Ne2+ 44. Kh1 Ng3+ 45. Kg1 Ne2+ 46. Kh2 Bxb8 47. Qxb8 Qg3+ 48. Kh1 Qxe3 49. Rb1 Ng3+ 50. Kh2 Qf4 51. Qb4 Ne4+ 52. Kg1 Qf2+ 53. Kh1 Ng3+ 54. Kh2 Nf1+ 55. Kh1 Ng3+ 56. Kh2 Nf1+ 57. Rxf1 Qxf1 58. Bc6 Qf6 59. Bf3 h4 60. Qe4 Qe7 61. Kg1 Qc5+ 62. Kf1 Qe7 63. Ke2 Kh6 64. Qb7 Qf6 65. Bd5 Kg7 66. Qb4 Qd8 67. Qc4 Qe7 68. Kd3 f5 69. Qb3 Qg5 70. Ke2 e4 71. Qb7+ Kh6 72. Bxe4 fxe4 1/2-1/2

[Event "CHN-chB"]
[Site "Jiangmen"]
[Date "2018.07.21"]
[Round "8"]
[White "Liu, Zhaoqi"]
[Black "Chen, Fan"]
[Result "1/2-1/2"]
[WhiteElo "2118"]
[BlackElo "2367"]
[PlyCount "50"]
[EventDate "2018.07.18"]
[EventType "swiss"]
[EventRounds "11"]
[EventCountry "CHN"]
[SourceTitle "CBM 185 Extra"]
[Source "ChessBase"]
[SourceDate "2018.07.29"]
[SourceVersion "1"]
[SourceVersionDate "2018.07.29"]
[SourceQuality "1"]

1. c4 g6 2. Nc3 Bg7 3. g3 Nf6 4. Bg2 0-0 5. d4 c6 6. e4 d6 7. Nge2 e5 8. d5 cxd5 9. cxd5 Nbd7 10. 0-0 a5 11. h3 Nc5 12. Be3 Bd7 13. f4 b6 14. g4 exf4 15. Bxf4 Re8 16. Ng3 Bc8 17. e5 dxe5 18. Bg5 b5 19. Qf3 e4 20. Ngxe4 Ncxe4 21. Nxe4 Rxe4 22. Qxe4 Nxe4 23. Bxd8 Bd4+ 24. Kh2 Be5+ 25. Kg1 Bd4+ 1/2-1/2

[Event "CHN-chB"]
[Site "Jiangmen"]
[Date "2018.07.20"]
[Round "6"]
[White "Hu, Zehua"]
[Black "Chen, Fan"]
[Result "0-1"]
[WhiteElo "2123"]
[BlackElo "2367"]
[PlyCount "98"]
[EventDate "2018.07.18"]
[EventType "swiss"]
[EventRounds "11"]
[EventCountry "CHN"]
[SourceTitle "CBM 185 Extra"]
[Source "ChessBase"]
[SourceDate "2018.07.29"]
[SourceVersion "1"]
[SourceVersionDate "2018.07.29"]
[SourceQuality "1"]

1. Nf3 e6 2. c4 Nf6 3. g3 d5 4. Bg2 Be7 5. 0-0 0-0 6. d4 dxc4 7. Qc2 a6 8. a4 Bd7 9. Qxc4 Bc6 10. Bf4 Nbd7 11. Nc3 Bd6 12. Bg5 h6 13. Bxf6 Nxf6 14. Rfe1 Ne4 15. Rad1 Nxc3 16. bxc3 Qe8 17. Ra1 f5 18. Nd2 Bxg2 19. Kxg2 f4 20. e3 b5 21. axb5 axb5 22. Qd3 fxe3 23. Qxe3 e5 24. Rxa8 Qxa8+ 25. Qe4 exd4 26. Qxa8 Rxa8 27. cxd4 Bb4 28. Rd1 Rd8 29. Ne4 Rd5 30. Kf3 c5 31. Rb1 Rxd4 32. Nxc5 Bxc5 33. Rxb5 Rc4 34. Rb2 Kf7 35. Re2 Kf6 36. Kg2 g5 37. h3 Rc3 38. Kf1 Bd4 39. Kg2 Rb3 40. Re4 Rd3 41. Re2 Kf5 42. Kf1 h5 43. Kg2 g4 44. hxg4+ hxg4 45. Kf1 Rb3 46. Kg2 Rf3 47. Kf1 Bxf2 48. Rxf2 Ke4 49. Ke2 Rxf2+ 0-1

[Event "CHN-chB"]
[Site "Jiangmen"]
[Date "2018.07.18"]
[Round "2"]
[White "Cui, Tao"]
[Black "Chen, Fan"]
[Result "0-1"]
[WhiteElo "1837"]
[BlackElo "2367"]
[PlyCount "116"]
[EventDate "2018.07.18"]
[EventType "swiss"]
[EventRounds "11"]
[EventCountry "CHN"]
[SourceTitle "CBM 185 Extra"]
[Source "ChessBase"]
[SourceDate "2018.07.29"]
[SourceVersion "1"]
[SourceVersionDate "2018.07.29"]
[SourceQuality "1"]

1. Nf3 g6 2. g3 Bg7 3. d4 Nf6 4. Bg2 0-0 5. 0-0 d5 6. c4 c6 7. cxd5 cxd5 8. Nc3 Ne4 9. Ng5 Nf6 10. Nf3 Nc6 11. Ne5 e6 12. f4 Nd7 13. e3 Nb6 14. b3 Ne7 15. Ba3 f6 16. Nd3 Rf7 17. Qd2 Nf5 18. Rad1 Nd6 19. Nc5 Bf8 20. Qd3 f5 21. Nb5 Ne8 22. Rc1 a6 23. Nc3 Nd6 24. N3a4 Nxa4 25. Nxa4 Bd7 26. Nc3 Bc6 27. Rfd1 g5 28. Bxd6 Bxd6 29. Ne2 h6 30. a4 Rg7 31. Kf2 Kh8 32. Ng1 Qg8 33. Qf1 g4 34. Qe1 h5 35. Ne2 Qd8 36. Qc3 Rc8 37. Qb2 Qf8 38. Rc2 Rgc7 39. Nc1 Ba3 40. Qa2 Bxa4 41. Rxc7 Rxc7 42. bxa4 Bxc1 43. Qb3 Qa3 44. Qxa3 Bxa3 45. Bf1 Rc2+ 46. Be2 b5 47. Rb1 Bb2 48. axb5 axb5 49. Ke1 Bc3+ 50. Kf1 b4 51. Rb3 Kg7 52. Rb1 Kf6 53. Rb3 Ke7 54. Rb1 Kd6 55. Rb3 Kc7 56. Rb1 Kb6 57. Rb3 Rc1+ 58. Kf2 Ka5 0-1

[Event "CHN-chT2"]
[Site "Jiangmen"]
[Date "2018.07.14"]
[Round "7.2"]
[White "Chen, Fan"]
[Black "Hou, Yifan B"]
[Result "1/2-1/2"]
[WhiteElo "2367"]
[BlackElo "1838"]
[PlyCount "61"]
[EventDate "2018.07.10"]
[EventType "team-swiss"]
[EventRounds "11"]
[EventCountry "CHN"]
[SourceTitle "EXT 2019"]
[Source "ChessBase"]
[SourceDate "2018.10.10"]
[SourceVersion "1"]
[SourceVersionDate "2018.10.10"]
[SourceQuality "1"]
[WhiteTeam "Chongqing Kowloon Kylin"]
[BlackTeam "Heilongjiang Chess and Cards"]
[WhiteTeamCountry "CHN"]
[BlackTeamCountry "CHN"]

1. e4 c5 2. Nf3 Nc6 3. Bb5 g6 4. Bxc6 dxc6 5. d3 Bg7 6. h3 Nf6 7. Nc3 Nd7 8. Be3 e5 9. Qd2 h6 10. a3 Qe7 11. 0-0 Nf8 12. b4 Ne6 13. Na4 b6 14. c4 Nd4 15. Qd1 0-0 16. bxc5 b5 17. cxb5 cxb5 18. Nc3 Qxc5 19. Nd5 Be6 20. Nxd4 exd4 21. Bd2 a5 22. Nf4 Qd6 23. Qe1 Rfc8 24. Nxe6 Qxe6 25. f4 Qb3 26. Bxa5 Qxd3 27. Rf3 Qc2 28. Bb4 d3 29. e5 Bf8 30. Bxf8 d2 31. Qe2 1/2-1/2

[Event "Longtou Cup 1st"]
[Site "Qinhuangdao"]
[Date "2018.06.02"]
[Round "7"]
[White "Ma, Ling"]
[Black "Chen, Fan"]
[Result "1-0"]
[WhiteElo "2172"]
[BlackElo "2398"]
[PlyCount "89"]
[EventDate "2018.05.26"]
[EventType "swiss"]
[EventRounds "9"]
[EventCountry "CHN"]
[SourceTitle "CBM 184 Extra"]
[Source "ChessBase"]
[SourceDate "2018.06.28"]
[SourceVersion "1"]
[SourceVersionDate "2018.06.28"]
[SourceQuality "1"]

1. e4 g6 2. d4 Bg7 3. Nc3 d6 4. Be3 c6 5. a4 Nf6 6. h3 0-0 7. Nf3 b6 8. Bd3 Bb7 9. 0-0 a6 10. Qd2 b5 11. b4 Nbd7 12. a5 Qc7 13. Rfd1 e5 14. dxe5 dxe5 15. Ne2 c5 16. c3 Rfd8 17. Ng3 Rac8 18. Qe2 Bf8 19. Rac1 cxb4 20. cxb4 Qb8 21. Qb2 Rxc1 22. Bxc1 Qd6 23. Bc2 Qe7 24. Nxe5 Nxe5 25. Rxd8 Nf3+ 26. gxf3 Qxd8 27. Qc3 Bg7 28. Qd2 Qc8 29. Bb2 h5 30. h4 Ne8 31. Bxg7 Nxg7 32. Bb3 Qc7 33. Qd4 Bc8 34. Qb6 Qc1+ 35. Kg2 Be6 36. Bd5 Qf4 37. Qxa6 Qxh4 38. Qd6 Qh3+ 39. Kg1 h4 40. a6 hxg3 41. Qxg3 Qh6 42. a7 Qc1+ 43. Kg2 Nh5 44. a8Q+ Kh7 45. Qh4 1-0

[Event "Longtou Cup 1st"]
[Site "Qinhuangdao"]
[Date "2018.05.30"]
[Round "5"]
[White "Xi, Qi"]
[Black "Chen, Fan"]
[Result "1/2-1/2"]
[WhiteElo "2039"]
[BlackElo "2398"]
[PlyCount "98"]
[EventDate "2018.05.26"]
[EventType "swiss"]
[EventRounds "9"]
[EventCountry "CHN"]
[SourceTitle "CBM 184 Extra"]
[Source "ChessBase"]
[SourceDate "2018.06.28"]
[SourceVersion "1"]
[SourceVersionDate "2018.06.28"]
[SourceQuality "1"]

1. d4 g6 2. c4 Bg7 3. Nc3 d6 4. e4 Nc6 5. Be3 e5 6. Nge2 exd4 7. Nxd4 Nge7 8. Qd2 0-0 9. Be2 f5 10. exf5 Bxd4 11. Bxd4 Nxd4 12. Qxd4 c5 13. Qd2 Nxf5 14. 0-0 Bd7 15. Bf3 Bc6 16. Bd5+ Kg7 17. Rad1 Re8 18. Rfe1 Qa5 19. f3 Nd4 20. Qg5 Qd8 21. Qxd8 Raxd8 22. Kf2 a5 23. a4 Kf8 24. f4 h5 25. g3 Bd7 26. Rxe8+ Bxe8 27. Re1 Bc6 28. Re4 Bd7 29. Re3 Bc6 30. Re4 Rd7 31. Re3 Rg7 32. Re4 Rd7 33. Re3 Rd8 34. Re4 Ra8 35. Ne2 Nxe2 36. Rxe2 Bxd5 37. cxd5 Ra6 38. Re6 Kf7 39. Ke3 Rb6 40. Kd3 Rxb2 41. Rxd6 Rb4 42. Kc3 Rxa4 43. Rd7+ Kf6 44. Rxb7 Rd4 45. Rb5 Rxd5 46. Rxa5 Rd1 47. Rxc5 Rh1 48. Kd4 Rxh2 49. Rc6+ Kg7 1/2-1/2

[Event "Longtou Cup 1st"]
[Site "Qinhuangdao"]
[Date "2018.05.29"]
[Round "4"]
[White "Chen, Fan"]
[Black "Wang, Shixu B"]
[Result "0-1"]
[WhiteElo "2398"]
[BlackElo "2203"]
[PlyCount "100"]
[EventDate "2018.05.26"]
[EventType "swiss"]
[EventRounds "9"]
[EventCountry "CHN"]
[SourceTitle "CBM 184 Extra"]
[Source "ChessBase"]
[SourceDate "2018.06.28"]
[SourceVersion "1"]
[SourceVersionDate "2018.06.28"]
[SourceQuality "1"]

1. e4 c6 2. d4 d5 3. e5 c5 4. dxc5 e6 5. a3 Bxc5 6. Bd3 Ne7 7. Nf3 Ng6 8. 0-0 0-0 9. b4 Be7 10. Nbd2 a5 11. bxa5 Nc6 12. Re1 Nxa5 13. g3 h6 14. c3 Qc7 15. Qc2 Nc6 16. Bxg6 fxg6 17. Qxg6 Bd7 18. Qg4 Rf5 19. Nd4 Nxd4 20. cxd4 Raf8 21. Nf1 h5 22. Qg6 Rxf2 23. Bf4 R8xf4 24. gxf4 Rxf4 25. Ng3 Qc3 26. Rad1 Rg4 27. Qxh5 Qf3 28. Qh3 Bg5 29. Rd3 Qxd3 30. Qxg4 Be3+ 31. Kh1 Qxd4 32. Qf3 Bh6 33. Rf1 Bc6 34. Qf7+ Kh7 35. Nh5 Qe4+ 36. Rf3 Qxf3+ 37. Qxf3 d4 38. Kg2 Bxf3+ 39. Kxf3 d3 40. h3 Kg6 41. Ng3 b6 42. a4 Bg5 43. Ne4 Kf5 44. Nd6+ Kxe5 45. Nf7+ Kf6 46. Nd6 e5 47. Nc4 Kf5 48. Nd6+ Ke6 49. Nc4 Kd5 50. Nxb6+ Kd4 0-1

[Event "Sanya Hainan op-A"]
[Site "Sanya"]
[Date "2017.12.25"]
[Round "8"]
[White "Chen, Fan"]
[Black "Zhao, Zong Yuan"]
[Result "1-0"]
[WhiteElo "2377"]
[BlackElo "2543"]
[PlyCount "119"]
[EventDate "2017.12.17"]
[EventType "swiss"]
[EventRounds "9"]
[EventCountry "CHN"]
[SourceTitle "CBM 182 Extra"]
[Source "ChessBase"]
[SourceDate "2018.02.23"]
[SourceVersion "1"]
[SourceVersionDate "2018.02.23"]
[SourceQuality "1"]

1. e4 e6 2. d4 d5 3. Nc3 Nf6 4. e5 Nfd7 5. f4 c5 6. Nf3 Nc6 7. Be3 Be7 8. Qd2 b6 9. Bb5 Ndb8 10. Qf2 c4 11. Qg3 g6 12. h4 h5 13. f5 exf5 14. Ne2 a6 15. Bxc6+ Nxc6 16. Nf4 Be6 17. Nxe6 fxe6 18. Qxg6+ Kd7 19. Qg3 b5 20. c3 Qg8 21. Bg5 Nd8 22. a4 b4 23. Qf2 Bxg5 24. Nxg5 Nf7 25. Nh3 Qg4 26. Nf4 bxc3 27. bxc3 Rab8 28. 0-0 Rb3 29. Qf3 Qxf3 30. Rxf3 Nh6 31. Rc1 Ng4 32. Rff1 Rg8 33. Rfe1 a5 34. Rb1 Rgb8 35. Rxb3 cxb3 36. Nd3 Kc6 37. Re2 f4 38. Rb2 Ne3 39. Nc5 Rg8 40. Nxb3 f3 41. Nxa5+ Kc7 42. Nb3 Nxg2 43. Nc5 Ne3+ 44. Kh1 Rg4 45. Nxe6+ Kc6 46. Rf2 Rxh4+ 47. Kg1 Rg4+ 48. Kh2 Rg2+ 49. Rxg2 fxg2 50. Nf4 h4 51. Nxg2 Nd1 52. Nxh4 Nxc3 53. a5 Kb5 54. e6 Ne4 55. e7 Nf6 56. Kg3 Kxa5 57. Kf4 Kb6 58. Ke5 Ne8 59. Kxd5 Kc7 60. Ke6 1-0

[Event "Sanya Hainan op-A"]
[Site "Sanya"]
[Date "2017.12.24"]
[Round "7"]
[White "Peng, Hongchi"]
[Black "Chen, Fan"]
[Result "0-1"]
[WhiteElo "2221"]
[BlackElo "2377"]
[PlyCount "116"]
[EventDate "2017.12.17"]
[EventType "swiss"]
[EventRounds "9"]
[EventCountry "CHN"]
[SourceTitle "CBM 182 Extra"]
[Source "ChessBase"]
[SourceDate "2018.02.23"]
[SourceVersion "1"]
[SourceVersionDate "2018.02.23"]
[SourceQuality "1"]

1. e4 c5 2. Nf3 d6 3. d4 cxd4 4. Nxd4 Nf6 5. Nc3 a6 6. Bg5 Nbd7 7. Qe2 b5 8. Nd5 Bb7 9. Bxf6 Nxf6 10. Nxf6+ exf6 11. 0-0-0 Be7 12. h4 Rc8 13. h5 Rc5 14. Nf5 g6 15. Nd4 Re5 16. hxg6 fxg6 17. f3 f5 18. g3 Bf6 19. Bg2 fxe4 20. fxe4 0-0 21. Qd3 Qe7 22. Rhe1 Kh8 23. Re2 Bg7 24. Kb1 Re8 25. Rde1 Ba8 26. c3 Bb7 27. Bh1 Qd8 28. Nf3 R5e6 29. Nd4 R6e7 30. Bf3 Re5 31. Rh1 Qg5 32. Bg2 Qe7 33. Rhe1 Ba8 34. Bh1 Rh5 35. Bf3 Rg5 36. g4 Re5 37. Nb3 Bf6 38. a3 Kg7 39. Nd2 Bg5 40. Bg2 d5 41. Qd4 Bf6 42. g5 Rxg5 43. Qb6 Re5 44. Qxa6 Bh4 45. Nf3 Re6 46. Qxb5 Bxe1 47. Nxe1 dxe4 48. Nc2 Re5 49. Qa6 Bb7 50. Qb6 Re6 51. Qd4+ Qf6 52. Qe3 Ba6 53. Rf2 Qd8 54. Nb4 Qd1+ 55. Qc1 Qxc1+ 56. Kxc1 e3 57. Nxa6 exf2 58. Nc7 Re1+ 0-1